000 00421nam a2200157Ia 4500
008 180921t2011 xxu||||| |||| 00| 0 eng d
041 _aeng
080 _a616-083
_bMAR
100 _aMarthenesz,Trixie
245 _aSocial Graces and the Professional Ethic (For Beginners in Nursing)
260 _bS.n.
_aS.I.
_c2011
300 _a116, 21 cm
942 _cBK
999 _c14024
_d14024
003 LK-CoDNM
040 _aLK-CoDNM
_dLK-CoDNM
_eLK-CoDNM